OSTEOPORÓZA : POTRAVINY A VÝŽIVA PRE STAVBU A UDRŽIAVANIE ZDRAVÝCH KOSTÍ 1. ČASŤ

Bibliographic Details
Main Authors: Brányik, K. (Author), Fatrcová Šramková, Katarína, 1976- (Author)
Format: Article
Language:Slovak

MARC

LEADER 00000nab a2200000ua 4500
001 vtls010832268
003 SK-MaSNL
005 20260304002311.0
008 240917s xo |||||||||||||||||slo|
035 |a (urnnbn)urn:nbn:sk:snk:ar-a06kn0 
035 |a urn:nbn:sk:snk-ab5wyp 
035 |a (uuid)f5c95856-2cf4-49be-8d90-609ece4a332e 
040 |a SNKBUCL  |b slo  |c SNKBUCL  |e AACR2 
041 0 |a slo 
044 |a xo  |c SK 
100 1 |a Brányik, K.  |4 aut  |9 793953 
245 1 0 |a OSTEOPORÓZA :  |b POTRAVINY A VÝŽIVA PRE STAVBU A UDRŽIAVANIE ZDRAVÝCH KOSTÍ 1. ČASŤ  |c K. Brányik, K. Šramková 
700 1 |a Fatrcová Šramková, Katarína,  |d 1976-  |4 aut  |9 194511 
773 0 |t Revue medicíny v praxi : odborný zdravotnícky časopis  |g Roč. 5, č. 1 (2007-2008), s. 31-32 
958 |a OND 
958 |a article5 
999 |c 2541237  |d 2543167